000
00292 a2200121 4500
000
nam a22 7a 4500
005
20260313144939.0
100
_a
Hahs-Vanghn
_9
1132031
245
_a
Applied multivariate statistical concepts
250
_a
2nd
260
_b
Routledge
_c
2025
942
_c
AUD
999
_c
1715382
_d
1715382